| 000 | 00362nam a2200145Ia 4500 | ||
|---|---|---|---|
| 008 | 260624s2024 xx 000 0 und d | ||
| 020 | _a9789356968736 | ||
| 041 | _aeng | ||
| 082 | _a618.92 | ||
| 100 | _aSThangavelu | ||
| 245 | _aOSCE in Pediatrics For Postgradutes & Practioners | ||
| 250 | _a1st ed | ||
| 260 |
_bJaypee2024 _c2024 |
||
| 650 | _aPediatrics | ||
| 999 |
_c1222642 _d1222642 |
||